| 000 | 00508nam a2200181Ia 4500 | ||
|---|---|---|---|
| 999 |
_c28291 _d28291 |
||
| 003 | OSt | ||
| 005 | 20201201094356.0 | ||
| 008 | 190216s9999||||xx |||||||||||||| ||und|| | ||
| 020 | _a8171803539 | ||
| 040 | _coclc | ||
| 082 |
_a894.8123 _bMAN/P |
||
| 100 |
_aMangad, Balakrishnan _97056 |
||
| 245 | 0 |
_aPoru / _cBalakrishnan Mangad |
|
| 260 |
_bPoorna Pubs, _c1993. _a Kozhikode: |
||
| 300 | _a207p | ||
| 650 | _aNovel Malayalam | ||
| 942 |
_cBK _2ddc _h894.8123 _iMAN/P _k894.8123 _mMAN/P |
||